Every 100k+ European City on a Map - Statistics

General Stats
  • This quiz has been taken 727 times
  • The average score is 323 of 692
Answers on the Map
Answers color-coded by a green-red scale on the quiz's map according to % correct below.
 
Answer Stats
Population City % Correct
638,117 Copenhagen
92%
9,047,570 London
92%
697,010 Oslo
92%
2,175,601 Paris
92%
1,766,106 Stockholm
92%
3,669,491 Berlin
91%
553,165 Dublin
91%
1,921,153 Vienna
91%
664,046 Athens
90%
1,847,253 Hamburg
90%
656,920 Helsinki
90%
15,113,808 İstanbul
90%
504,020 Edinburgh
89%
629,920 Glasgow
89%
5,384,342 Saint Petersburg
89%
872,922 Amsterdam
88%
1,752,286 Budapest
88%
586,889 Liverpool
88%
3,334,730 Madrid
88%
1,397,715 Milan
88%
12,455,682 Moscow
88%
1,484,226 Munich
88%
1,335,084 Prague
88%
627,847 Riga
88%
2,783,809 Rome
88%
1,664,182 Barcelona
87%
1,883,425 Bucharest
87%
2,967,360 Kiev
87%
552,700 Lisbon
87%
563,561 Manchester
87%
2,009,786 Minsk
87%
1,221,785 Sofia
87%
438,341 Tallinn
87%
1,794,166 Warsaw
87%
688,163 Zagreb
87%
338,160 Belfast
86%
1,166,763 Belgrade
86%
1,160,254 Birmingham
86%
186,916 Brussels
86%
868,277 Marseille
86%
940,940 Naples
86%
848,196 Turin
86%
559,250 Vilnius
86%
421,712 Zürich
86%
1,087,863 Cologne
85%
655,078 Gothenburg
85%
518,635 Lyon
85%
324,002 Malmö
85%
652,541 Rotterdam
85%
134,727 Bern
84%
763,380 Frankfurt am Main
84%
341,032 Nice
84%
237,591 Porto
84%
418,495 Tirana
84%
529,247 Antwerp
83%
285,601 Bergen
83%
354,178 Cardiff
83%
203,736 Geneva
83%
640,720 Palermo
83%
348,363 Sarajevo
83%
440,948 Bratislava
82%
125,622 Cork
82%
511,164 Leeds
82%
287,535 Newcastle upon Tyne
82%
691,395 Seville
82%
509,900 Skopje
82%
800,215 València
82%
198,480 Aberdeen
81%
257,068 Bordeaux
81%
470,805 Gdańsk
81%
558,930 Genoa
81%
779,966 Kraków
81%
1,017,699 Odessa
81%
635,911 Stuttgart
81%
547,757 The Hague
81%
255,609 Venice
81%
567,559 Bremen
80%
556,780 Dresden
80%
621,877 Düsseldorf
80%
359,755 Florence
80%
286,745 Ljubljana
80%
155,416 Salzburg
80%
315,196 Thessaloniki
80%
486,828 Toulouse
80%
350,184 Bilbao
79%
577,246 Bristol
79%
493,256 Kaliningrad
79%
352,751 Aarhus
78%
139,602 | 340,318 Brest
78%
532,513 Chișinău
78%
536,925 Hanover
78%
1,443,207 Kharkiv
78%
233,098 Lille
78%
724,314 Lviv
78%
578,460 Málaga
78%
518,370 Nuremberg
78%
150,977 Podgorica
78%
313,003 Bari
77%
394,463 Bologna
77%
908,456 Donetsk
77%
593,145 Leipzig
77%
672,185 Łódź
77%
145,149 Pristina
77%
552,143 Sheffield
77%
588,250 Dortmund
76%
582,760 Essen
76%
124,509 Luxembourg
76%
315,987 Nottingham
76%
232,280 Reykjavik
76%
269,750 Southampton
76%
284,677 Strasbourg
76%
681,877 Zaragoza
76%
173,775 Basel
75%
291,130 Graz
75%
167,121 Split
75%
382,405 Brno
74%
263,927 Ghent
74%
472,558 Leicester
74%
422,587 Palma de Mallorca
74%
185,460 Swansea
74%
131,059 Innsbruck
73%
248,960 Aachen
72%
244,917 Brighton
72%
246,794 Kiel
72%
314,138 Nantes
72%
162,291 Oxford
72%
239,677 Plymouth
72%
199,773 Trieste
72%
359,376 Utrecht
72%
118,467 Bruges
71%
148,861 Cambridge
71%
149,010 Dundee
71%
206,552 Linz
71%
290,053 Montpellier
71%
1,137,704 Rostov-on-Don
71%
329,673 Bonn
70%
294,298 Catania
70%
1,257,341 Kazan
70%
459,403 Murcia
70%
207,595 Trondheim
70%
164,369 York
70%
149,474 Cagliari
69%
288,028 Kingston upon Hull
69%
217,728 Rennes
69%
1,004,763 Volgograd
69%
990,724 Dnipro
68%
310,658 Mannheim
68%
641,928 Wrocław
68%
296,582 Augsburg
67%
233,648 Granada
67%
293,257 Kaunas
67%
196,296 Liège
67%
1,244,254 Nizhny Novgorod
67%
197,212 Norwich
67%
532,048 Poznań
67%
324,576 Cluj-Napoca
66%
235,707 Eindhoven
66%
140,049 Lausanne
66%
282,851 Murmansk
66%
179,349 Saarbrücken
66%
403,893 Sevastopol
66%
257,838 Verona
66%
326,039 Córdoba
65%
290,553 Katowice
65%
948,827 Krasnodar
65%
231,798 Novi Sad
65%
200,218 Parma
65%
182,112 Potsdam
65%
398,255 Szczecin
65%
241,009 Tampere
65%
332,394 Varna
65%
247,604 A Coruña
64%
337,482 Alicante
64%
209,191 Rostock
64%
194,391 Turku
64%
167,335 Uppsala
64%
119,219 Aalborg
63%
334,195 Bielefeld
63%
156,854 Dijon
63%
233,218 Groningen
63%
169,733 Le Havre
63%
401,297 Luhansk
63%
218,578 Mainz
63%
248,929 Portsmouth
63%
1,144,759 Samara
63%
1,125,933 Ufa
63%
382,073 Coventry
62%
498,686 Duisburg
62%
231,195 Freiburg im Breisgau
62%
157,650 Grenoble
62%
216,530 Lübeck
62%
225,546 Messina
62%
315,293 Münster
62%
235,764 Oral
62%
207,327 Oulu
62%
1,049,199 Perm
62%
202,746 Charleroi
61%
436,569 Mariupol
61%
104,885 Nancy
61%
230,031 Northampton
61%
180,760 Odense
61%
176,198 Toulon
61%
296,692 Vigo
61%
145,821 Blackpool
60%
105,512 Caen
60%
312,060 Karlsruhe
60%
237,565 Magdeburg
60%
116,581 Metz
60%
342,048 Plovdiv
60%
187,211 Reims
60%
144,147 Stavanger
60%
197,383 Bournemouth
59%
201,432 Debrecen
59%
292,796 Espoo
59%
120,227 Maastricht
59%
278,137 Stoke-on-Trent
59%
299,265 Valladolid
59%
264,654 Derby
58%
338,586 Lublin
58%
208,306 Padua
58%
203,944 Pamplona
58%
111,360 Rouen
58%
188,240 San Sebastián
58%
126,405 Ulm
58%
355,100 Wuppertal
58%
365,587 Bochum
57%
366,187 Bradford
57%
246,334 Chemnitz
57%
125,819 Exeter
57%
507,795 Gomel
57%
261,034 Mönchengladbach
57%
116,238 Orléans
57%
284,982 Ostrava
57%
175,219 Plzeň
57%
118,093 Syracuse
57%
136,463 Tours
57%
220,873 Wolverhampton
57%
283,872 Constanța
56%
213,981 Erfurt
56%
271,717 Gijón
56%
148,742 Ipswich
56%
344,927 Arkhangelsk
55%
103,614 Bath
55%
113,557 Bremerhaven
55%
115,439 Cádiz
55%
238,138 Košice
55%
187,977 Modena
55%
319,279 Timișoara
55%
119,684 Bergamo
54%
344,091 Bydgoszcz
54%
259,645 Gelsenkirchen
54%
238,762 Halle
54%
136,952 Ingolstadt
54%
221,502 Luton
54%
229,482 Reading
54%
174,807 Sunderland
54%
120,491 Trento
54%
1,050,602 Voronezh
54%
123,830 Wolfsburg
54%
135,059 Banja Luka
53%
137,885 Braga
53%
113,249 Durrës
53%
183,164 Niš
53%
152,270 Regensburg
53%
173,098 Saint-Étienne
53%
110,731 Jena
52%
177,354 Middlesbrough
52%
169,605 Oldenburg
52%
133,807 Tiraspol
52%
195,102 Brescia
51%
198,593 Burgas
51%
103,369 Girona
51%
158,741 Heidelberg
51%
202,137 Kassel
51%
119,984 Lahti
51%
143,252 Le Mans
51%
108,942 Mulhouse
51%
136,078 Newport
51%
167,446 Patras
51%
173,375 Santander
51%
189,366 Taranto
51%
143,097 Aix-en-Provence
50%
133,891 Amiens
50%
154,508 Angers
50%
147,509 Gloucester
50%
162,543 Haarlem
50%
286,958 Kherson
50%
101,765 Klagenfurt am Wörthersee
50%
112,588 Kristiansand
50%
124,028 León
50%
163,905 Leverkusen
50%
164,223 Osnabrück
50%
830,155 Saratov
50%
110,674 Trier
50%
146,734 Clermont-Ferrand
49%
244,969 Gdynia
49%
149,046 Klaipėda
49%
149,633 Nîmes
49%
128,384 Rijeka
49%
148,688 Rimini
49%
138,206 Sale
49%
278,474 Wiesbaden
49%
102,791 Worcester
49%
731,922 Zaporizhia
49%
524,371 Astrakhan
48%
120,932 Blackburn
48%
172,802 Edirne
48%
324,602 Grozny
48%
290,422 Iași
48%
144,651 Larissa
48%
131,479 Limoges
48%
119,006 Linköping
48%
119,188 Perpignan
48%
144,825 Salamanca
48%
225,019 Veliky Novgorod
48%
296,958 Białystok
47%
107,760 Bolzano
47%
105,842 Coimbra
47%
113,816 Helsingborg
47%
113,388 Koblenz
47%
156,031 Livorno
47%
126,009 Örebro
47%
219,910 Oviedo
47%
112,091 Saint-Denis
47%
185,111 Southend-on-Sea
47%
136,495 Tarragona
47%
201,322 Almería
46%
205,411 Bolton
46%
101,126 Jönköping
46%
450,977 Kursk
46%
269,382 L'Hospitalet de Llobregat
46%
184,824 Milton Keynes
46%
111,603 Namur
46%
151,864 Paderborn
46%
173,456 Reggio Calabria
46%
342,054 Simferopol
46%
320,170 Smolensk
46%
221,969 Tilburg
45%
121,929 Anderlecht
44%
184,126 Breda
44%
159,174 Darmstadt
44%
234,765 Elche
44%
128,223 Fürth
44%
185,180 Getafe
44%
101,032 Leuven
44%
106,415 Lincoln
44%
572,819 Orenburg
44%
178,805 Peterborough
44%
130,240 Salerno
44%
237,231 Vantaa
44%
253,996 Vitoria-Gasteiz
44%
352,347 Vladimir
44%
128,199 Annecy
43%
162,424 Arnhem
43%
391,702 Belgorod
43%
249,406 Brunswick
43%
176,418 Burgos
43%
159,732 Enschede
43%
357,510 Grodno
43%
178,967 Hamm
43%
172,557 Ludwigshafen am Rhein
43%
480,080 Mykolaiv
43%
177,359 Nijmegen
43%
210,764 Oberhausen
43%
157,422 Ravenna
43%
124,111 Sassari
43%
126,954 Würzburg
43%
109,896 Alkmaar
42%
216,108 Cartagena
42%
138,131 Colchester
42%
116,845 Göttingen
42%
213,105 Jerez de la Frontera
42%
619,278 Kryvyi Rih
42%
124,093 Leiden
42%
192,408 Swindon
42%
693,072 Tolyatti
42%
101,859 Drammen
41%
132,028 Győr
41%
143,837 Huelva
41%
142,873 Pécs
41%
169,803 Reggio Emilia
41%
106,168 Reus
41%
467,955 Tula
41%
128,534 Västerås
41%
141,651 Watford
41%
114,211 Winterthur
41%
601,403 Yaroslavl
41%
150,984 Badajoz
40%
116,775 Besançon
40%
253,200 Brașov
40%
132,288 Ferrara
40%
171,809 Huddersfield
40%
164,057 Perugia
40%
119,455 Pescara
40%
424,969 Tver
40%
362,949 Vitebsk
40%
223,166 Badalona
39%
399,579 Bryansk
39%
227,417 Krefeld
39%
126,612 Latina
39%
147,633 Marbella
39%
123,983 Monza
39%
222,855 Pskov
39%
454,488 Stavropol
39%
164,781 Apeldoorn
38%
112,385 Erlangen
38%
188,687 Hagen
38%
126,458 Heilbronn
38%
604,266 Makhachkala
38%
130,892 Offenbach am Main
38%
100,514 Olomouc
38%
163,688 Piraeus
38%
159,449 Poole
38%
150,659 Villeurbanne
38%
145,775 Birkenhead
37%
269,506 Craiova
37%
119,115 Dordrecht
37%
112,757 Jaén
37%
143,420 Jyväskylä
37%
153,109 Neuss
37%
193,568 Prato
37%
534,801 Ryazan
37%
155,490 's-Hertogenbosch
37%
160,766 Szeged
37%
129,840 Zwolle
37%
174,336 Albacete
36%
157,462 Amersfoort
36%
174,264 Castellón de la Plana
36%
148,301 Foggia
36%
249,432 Galați
36%
521,091 Kirov
36%
286,649 Poltava
36%
101,055 Hildesheim
35%
120,210 Kuopio
35%
104,261 Liberec
35%
503,216 Lipetsk
35%
140,403 Lleida
35%
357,404 Mogilev
35%
516,450 Penza
35%
126,016 Pforzheim
35%
164,770 Slough
35%
159,193 Solingen
35%
223,627 Terrassa
35%
109,290 Vicenza
35%
111,636 Bergisch Gladbach
34%
121,334 Boulogne-Billancourt
34%
286,899 Chernihiv
34%
116,834 Doncaster
34%
401,505 Ivanovo
34%
103,866 Salzgitter
34%
101,943 Siegen
34%
262,119 Sumy
34%
625,462 Ulyanovsk
34%
123,078 Algeciras
33%
110,213 Argenteuil
33%
117,388 Bottrop
33%
118,759 Chelmsford
33%
156,940 Herne
33%
151,996 Kerch
33%
152,485 Logroño
33%
170,921 Mülheim an der Ruhr
33%
105,643 Ourense
33%
116,031 Reutlingen
33%
247,003 Rivne
33%
122,657 Salford
33%
172,684 Warrington
33%
107,732 Wigan
33%
117,073 Cheltenham
32%
112,198 Crawley
32%
135,050 Dos Hermanas
32%
114,809 Eastbourne
32%
237,686 Ivano-Frankivsk
32%
646,468 Izhevsk
32%
101,916 Novara
32%
108,606 Oldham
32%
303,696 Oryol
32%
103,294 Piacenza
32%
209,296 Radom
32%
110,705 Recklinghausen
32%
131,451 Schaerbeek
32%
111,694 Stockport
32%
186,502 Vila Nova de Gaia
32%
370,707 Vinnytsia
32%
159,074 Arad
31%
217,530 Częstochowa
31%
331,842 Kaluga
31%
124,481 Leeuwarden
31%
119,905 Maidstone
31%
150,768 Melitopol
31%
154,521 Miskolc
31%
103,487 Moers
31%
109,914 Montreuil
31%
101,862 Šiauliai
31%
152,222 Telford
31%
198,613 Toruń
31%
288,692 Çorlu
30%
103,581 Delft
30%
122,249 Gateshead
30%
108,584 Gillingham
30%
193,415 Kielce
30%
191,114 Leganés
30%
127,839 Opole
30%
111,516 Remscheid
30%
135,440 Ruse
30%
216,520 Sabadell
30%
125,732 Stara Zagora
30%
101,988 Venlo
30%
115,191 Worthing
30%
175,136 Amadora
29%
117,479 Forlì
29%
100,664 Gütersloh
29%
150,835 Kragujevac
29%
196,367 Oradea
29%
209,945 Ploiești
29%
111,481 Rotherham
29%
105,127 St Helens
29%
109,255 Terni
29%
223,462 Ternopil
29%
115,542 Uzhhorod
29%
172,384 Alcorcón
28%
274,762 Cherkasy
28%
107,024 Emmen
28%
123,813 High Wycombe
28%
289,701 Tambov
28%
174,685 Tekirdağ
28%
308,530 Vologda
28%
107,546 Wakefield
28%
107,854 Woking
28%
117,681 Basildon
27%
114,402 Basingstoke
27%
267,060 Chernivtsi
27%
217,315 Lutsk
27%
196,638 Rzeszów
27%
264,318 Zhytomyr
27%
125,267 Zoetermeer
27%
197,562 Alcalá de Henares
26%
123,738 Baia Mare
26%
495,810 Cheboksary
26%
177,049 Gliwice
26%
413,251 Magnitogorsk
26%
210,309 Móstoles
26%
171,249 Olsztyn
26%
147,245 Sibiu
26%
144,307 Bacău
25%
118,582 Elbląg
25%
129,661 Mataró
25%
275,795 Novorossiysk
25%
280,711 Petrozavodsk
25%
125,900 Pinsk
25%
155,383 Pitești
25%
118,268 Płock
25%
113,893 Rochdale
25%
101,486 Barakaldo
24%
180,302 Brăila
24%
118,530 Ede
24%
118,906 Giugliano in Campania
24%
106,235 Koszalin
24%
102,411 Satu Mare
24%
127,898 Solihull
24%
134,290 Târgu Mureș
24%
140,892 Zielona Góra
24%
211,389 Babruysk
23%
115,494 Buzău
23%
226,143 Engels
23%
194,514 Fuenlabrada
23%
102,870 Hemel Hempstead
23%
242,224 Horlivka
23%
110,687 Kecskemét
23%
277,393 Kostroma
23%
341,362 Makiivka
23%
532,074 Naberezhnye Chelny
23%
133,482 Parla
23%
317,432 Saransk
23%
107,531 Sutton Coldfield
23%
107,498 Tarnów
23%
132,853 Torrejón de Ardoz
23%
301,543 Vladikavkaz
23%
118,417 Alcobendas
22%
169,756 Bielsko-Biała
22%
163,255 Bytom
22%
101,236 Deventer
22%
140,730 Heraklion
22%
224,814 Orsk
22%
197,586 Sosnowiec
22%
126,871 Tychy
22%
312,091 Cherepovets
21%
122,589 Gorzów Wielkopolski
21%
273,713 Khmelnytskyi
21%
150,084 Kramatorsk
21%
219,022 Kremenchuk
21%
239,054 Nalchik
21%
116,799 Nyíregyháza
21%
309,250 Podolsk
21%
120,443 Santa Coloma de Gramenet
21%
170,924 Zabrze
21%
112,587 Alphen aan den Rijn
20%
107,928 Berdyansk
20%
209,238 Bila Tserkva
20%
126,606 Derbent
20%
137,128 Rybnik
20%
248,269 Taganrog
20%
109,971 Wałbrzych
20%
507,307 Balashikha
19%
106,847 Botoșani
19%
106,846 Chorzów
19%
100,641 Kallithéa
19%
225,339 Kropyvnytskyi
19%
107,464 Nikopol
19%
136,423 Ruda Śląska
19%
101,135 Sievierodonetsk
19%
108,561 Włocławek
19%
139,481 Barysaw
18%
257,757 Khimki
18%
243,926 Syktyvkar
18%
276,155 Yoshkar-Ola
18%
103,535 Elista
17%
139,084 Maykop
17%
139,981 Peristeri
17%
228,816 Shakhty
17%
106,972 Sloviansk
17%
323,853 Volzhsky
17%
108,149 Yevpatoria
17%
106,550 Alchevsk
16%
174,183 Baranovichi
16%
118,285 Dąbrowa Górnicza
16%
152,607 Elektrostal
16%
231,915 Kamianske
16%
103,391 Lida
16%
146,267 Pyatigorsk
16%
180,806 Severodvinsk
16%
181,997 Silivri
16%
169,953 Volgodonsk
16%
109,473 Brovary
15%
119,460 Lüleburgaz
15%
105,439 Mazyr
15%
106,505 Orsha
15%
223,711 Stary Oskol
15%
274,134 Sterlitamak
15%
187,215 Armavir
14%
227,326 Dzerzhinsk
14%
245,643 Mytishchi
14%
182,383 Rybinsk
14%
295,496 Atyrau
13%
186,012 Balakovo
13%
123,148 Cherkessk
13%
135,070 Domodedovo
13%
240,097 Nizhnekamsk
13%
166,312 Novocherkassk
13%
103,073 Pavlohrad
13%
125,461 Çerkezköy
12%
138,693 Kolomna
12%
175,812 Krasnogorsk
12%
208,397 Lyubertsy
12%
121,674 Novomoskovsk
12%
100,824 Salihorsk
12%
165,199 Syzran
12%
128,663 Kaspiysk
11%
225,299 Korolyov
11%
135,867 Odintsovo
11%
103,396 Arzamas
10%
111,457 Kapaklı
10%
146,394 Khasavyurt
10%
127,919 Kislovodsk
10%
124,169 Nazran
10%
127,586 Novocheboksarsk
10%
105,038 Novoshakhtinsk
10%
148,947 Salavat
10%
158,019 Almetyevsk
9%
137,091 Berezniki
9%
108,665 Kamyshin
9%
134,074 Kovrov
9%
105,572 Murom
9%
131,945 Neftekamsk
9%
115,627 Nevinnomyssk
9%
116,179 Obninsk
9%
113,737 Oktyabrsky
9%
108,741 Pushkino
9%
114,824 Yessentuki
9%
127,444 Bataysk
8%
112,388 Dimitrovgrad
8%
117,778 Dolgoprudny
8%
103,063 Noginsk
8%
117,966 Orekhovo-Zuyevo
8%
123,590 Ramenskoye
8%
108,000 Reutov
8%
125,473 Serpukhov
8%
101,306 Yelets
8%
107,558 Zhukovsky
8%
127,292 Shchyolkovo
6%
100,554 Zheleznogorsk
6%
100,009 Zelenodolsk
5%
No matching quizzes found
Score Distribution
Percent of People with Each Score
Percentile by Number Answered
Your Score History
You have not taken this quiz